| 000 | 04980nas1a22006851 4500 | ||
|---|---|---|---|
| 001 | RU\NLR\INFOCOMM16\1000043009 | ||
| 005 | 20260212124503.0 | ||
| 035 | _a(NLR Aleph) 002446277 | ||
| 090 |
_a2121597 _c2121597 |
||
| 100 | _a20260215 rusy50 | ||
| 101 | 0 | _arus | |
| 102 | _aRU | ||
| 110 | _aayu||||0|y0 | ||
| 200 | 1 |
_aЕженедельник для охотников до лошадей... _fСоставляемый попечением генерал-лейтенанта и кавалера П. Цорна |
|
| 207 | 1 | _aЧ.1, книжка 1 - 1827 | |
| 210 |
_aМосква _cв типографии Августа Семена _d1823-1827 |
||
| 215 | _d8° (21 см) | ||
| 300 | _aЗагл.: Ч.5-12 - Записки для охотников до лошадей... | ||
| 300 | _aСведения об отв.: ч.1-3 - Составляемый попечением генерал-лейтенанта и кавалера П. Цорна; ч.4, 6-8, 10-11 - отсутствуют; ч.5, 9 - Составляемыя генерал-лейтенантом и кавалером П. Цорном | ||
| 300 | _aВых. данные: ч.1, книжка 2 - ч.12, книжка 12 - В типографии Августа Семена, при Императорской Медико-хирургической академии | ||
| 300 | _aЧ.2 1826 г. соответствует части 2 "Конюшенного порядка" (одного из разделов журн.) | ||
| 300 | _aтакже м/ф | ||
| 320 | _aАлфавит для удобнейшего приискания материалов в Еженедельнике и Записках для охотников до лошадей, помещенных в X частях. (В изд.: ... 1825, Ч.10, Кн.5/6, с.1-42 послед. паг.) | ||
| 321 | 1 | _aСК сериал. 034 (до 1825) | |
| 620 | _dМосква | ||
| 702 | 1 |
_aЦорн _bП. И. _f1777-1829 _gПавел Иванович _4650 |
|
| 702 | 1 |
_aСемен _bА. И. _f1783-1862 _gАвгуст Иванович _4610 |
|
| 712 | 0 | 0 |
_aСемен, _gАвгуст, _hтипография _cМосква _3RU\NLR\AUTH\8810039152 _4610 |
| 801 | 0 |
_aRU _bNLR _gPSBO |
|
| 801 | 1 |
_aRU _bInfoComm _c20040312 |
|
| 852 |
_aNLR _j3/1065 |
||
| 942 | _cUNSPEC | ||
| 980 | _aNB | ||
| 980 | _aRUSPER | ||